Ekonomi dan pentadbiran perusahaan

Bibliographic Details
Main Author: Sritua Arief
Format: Book
Published: Kuala Lumpur : Dewan Bahasa dan Pustaka , 1971
Subjects:

MARC

LEADER 00000cam a2200000 7i4500
001 0000009565
005 20160930.0
040 |a INS 
090 0 0 |a HB180.I5   |b S75 1971 
100 1 |a Sritua Arief 
245 1 0 |a Ekonomi dan pentadbiran perusahaan   |c Sritua Arief 
260 |a Kuala Lumpur :   |b Dewan Bahasa dan Pustaka ,   |c 1971 
300 |a 249p ;   |c 22cm. 
650 0 0 |a Economics 
999 |a 0000023400   |b BOOK   |c Open Shelf   |e Default branch 
999 |a 0000023906   |b BOOK   |c Open Shelf   |e Default branch 
999 |a 0000023907   |b BOOK   |c Open Shelf   |e Default branch